[Event "Bhubaneswar Pillai Memorial"]
[Site "Bhubaneswar"]
[Date "2016.11.24"]
[Round "9"]
[White "Prasannaa, S."]
[Black "Baivab, Mishra"]
[Result "1-0"]
[WhiteElo "2180"]
[BlackElo "2099"]
[PlyCount "71"]
[EventDate "2016.11.20"]
[EventType "swiss"]
[EventRounds "11"]
[EventCountry "IND"]
[SourceTitle "CBM 175 Extra"]
[Source "ChessBase"]
[SourceDate "2016.12.12"]
[SourceVersion "1"]
[SourceVersionDate "2016.12.12"]
[SourceQuality "1"]

1. b3 d6 2. Bb2 Nd7 3. g3 Ngf6 4. Bg2 c6 5. d3 g6 6. e3 Bg7 7. Ne2 0-0 8. 0-0 Qa5 9. Nd2 Qh5 10. Nf3 Ng4 11. Bxg7 Kxg7 12. h3 Ngf6 13. b4 Ne5 14. Nxe5 dxe5 15. Nc3 Qh6 16. g4 Qh4 17. f4 exf4 18. exf4 Be6 19. Qd2 Nd5 20. Ne4 h5 21. f5 Bc8 22. c4 hxg4 23. hxg4 Nf6 24. g5 Ng4 25. f6+ exf6 26. gxf6+ Kg8 27. Qf4 Qh6 28. Qxh6 Nxh6 29. Rf4 Bf5 30. Rh4 Ng4 31. Bf3 Ne5 32. Kf2 g5 33. Nxg5 Rad8 34. Rah1 Ng6 35. Rh7 Rfe8 36. Rg7+ 1-0

[Event "Bhubaneswar Pillai Memorial"]
[Site "Bhubaneswar"]
[Date "2016.11.23"]
[Round "8"]
[White "Baivab, Mishra"]
[Black "Sahu, Rajendrakumar"]
[Result "1-0"]
[WhiteElo "2099"]
[BlackElo "2088"]
[PlyCount "73"]
[EventDate "2016.11.20"]
[EventType "swiss"]
[EventRounds "11"]
[EventCountry "IND"]
[SourceTitle "CBM 175 Extra"]
[Source "ChessBase"]
[SourceDate "2016.12.12"]
[SourceVersion "1"]
[SourceVersionDate "2016.12.12"]
[SourceQuality "1"]

1. d4 Nf6 2. c4 e6 3. g3 Bb4+ 4. Bd2 Be7 5. Bg2 d5 6. Nf3 0-0 7. 0-0 b6 8. Nc3 Bb7 9. Ne5 c6 10. Bf4 Nbd7 11. cxd5 exd5 12. Rc1 Re8 13. Qa4 Nxe5 14. Bxe5 Bd6 15. Bxd6 Qxd6 16. b4 a6 17. Qb3 Rab8 18. Rfd1 h5 19. h4 Re7 20. e3 Rbe8 21. Ne2 g6 22. Nf4 Kg7 23. a4 Rd8 24. Rc2 Qd7 25. Rdc1 Qd6 26. Nd3 Nd7 27. Qb2 f6 28. Nf4 Nf8 29. Bh3 f5 30. Rc3 Rde8 31. Bg2 Nd7 32. b5 cxb5 33. axb5 a5 34. Rc6 Bxc6 35. Rxc6 Qb4 36. Rxg6+ Kh7 37. Qe2 1-0

[Event "Bhubaneswar Pillai Memorial"]
[Site "Bhubaneswar"]
[Date "2016.11.22"]
[Round "6"]
[White "Baivab, Mishra"]
[Black "Sahu, Sekhar Chandra"]
[Result "1-0"]
[WhiteElo "2099"]
[BlackElo "2185"]
[PlyCount "133"]
[EventDate "2016.11.20"]
[EventType "swiss"]
[EventRounds "11"]
[EventCountry "IND"]
[SourceTitle "CBM 175 Extra"]
[Source "ChessBase"]
[SourceDate "2016.12.12"]
[SourceVersion "1"]
[SourceVersionDate "2016.12.12"]
[SourceQuality "1"]

1. d4 Nf6 2. Bf4 g6 3. Nc3 Bg7 4. e4 d6 5. Qd2 0-0 6. Bh6 Nc6 7. Bxg7 Kxg7 8. 0-0-0 a6 9. f3 b5 10. g4 b4 11. Nce2 e5 12. d5 Ne7 13. Qxb4 c5 14. Qc3 Rb8 15. h4 Qb6 16. Ng3 Qb4 17. Qxb4 Rxb4 18. c3 Rb6 19. Rd2 Bd7 20. Nh3 Rfb8 21. Nf2 Bb5 22. Nd1 Nd7 23. Ne3 Nc8 24. c4 Ba4 25. b3 Bxb3 26. axb3 Rxb3 27. Rd3 Rb2 28. Nc2 Ra2 29. Rh2 Rbb2 30. Rdd2 Rb3 31. Rd3 Rbb2 32. Rhd2 Rb8 33. g5 Ncb6 34. Ra3 Rxa3 35. Nxa3 Na4 36. Rd3 h6 37. gxh6+ Kxh6 38. Nc2 Nab6 39. Ra3 Ra8 40. Bh3 Nb8 41. Ne3 a5 42. Rb3 Ra6 43. Bc8 Nxc8 44. Rxb8 Nb6 45. Kb2 Na4+ 46. Ka3 Rb6 47. Rxb6 Nxb6 48. Kb3 a4+ 49. Kc3 Kg7 50. Nc2 Kf6 51. Na3 Ke7 52. Nb5 Nc8 53. Nf1 Kd7 54. Kb2 Ne7 55. Ne3 Ng8 56. Nc3 Nf6 57. Nxa4 Nh5 58. Kc2 Ng3 59. Kd3 f5 60. exf5 gxf5 61. Nc3 Ke7 62. Ne2 Nxe2 63. Kxe2 Kf6 64. Nxf5 Kxf5 65. Ke3 Kg6 66. Ke4 Kh5 67. f4 1-0

[Event "Bhubaneswar Pillai Memorial"]
[Site "Bhubaneswar"]
[Date "2016.11.20"]
[Round "2"]
[White "Baivab, Mishra"]
[Black "Routray, Priyanka"]
[Result "1-0"]
[WhiteElo "2099"]
[BlackElo "1496"]
[PlyCount "39"]
[EventDate "2016.11.20"]
[EventType "swiss"]
[EventRounds "11"]
[EventCountry "IND"]
[SourceTitle "CBM 175 Extra"]
[Source "ChessBase"]
[SourceDate "2016.12.12"]
[SourceVersion "1"]
[SourceVersionDate "2016.12.12"]
[SourceQuality "1"]

1. d4 d5 2. Bf4 e6 3. e3 c6 4. Nf3 Nd7 5. Bd3 Ngf6 6. Nbd2 Be7 7. h3 h6 8. c3 c5 9. 0-0 c4 10. Bc2 0-0 11. Qe2 b5 12. e4 Bb7 13. e5 Nh7 14. Nh2 Re8 15. Ng4 a5 16. Bxh6 gxh6 17. Nxh6+ Kg7 18. Nxf7 Kxf7 19. Qh5+ Kf8 20. Qh6+ 1-0

[Event "IND-ch U19 46th"]
[Site "Rajahmundry"]
[Date "2016.10.16"]
[Round "11"]
[White "Baivab, Mishra"]
[Black "Aradhya, Garg"]
[Result "1/2-1/2"]
[WhiteElo "2059"]
[BlackElo "2250"]
[PlyCount "72"]
[EventDate "2016.10.08"]
[EventType "swiss"]
[EventRounds "11"]
[EventCountry "IND"]
[SourceTitle "CBM 175 Extra"]
[Source "ChessBase"]
[SourceDate "2016.12.12"]
[SourceVersion "1"]
[SourceVersionDate "2016.12.12"]
[SourceQuality "1"]

1. d4 d5 2. c4 c6 3. Nc3 Nf6 4. e3 Bf5 5. Qb3 Qb6 6. Qxb6 axb6 7. cxd5 Nxd5 8. Nxd5 cxd5 9. Bd2 Nc6 10. Nf3 Bd7 11. Ne5 Nxe5 12. dxe5 e6 13. Bd3 Bc6 14. f3 Kd7 15. Ke2 Be7 16. a3 h5 17. Bc3 Ra4 18. Bd4 Bc5 19. b4 Bxd4 20. exd4 Ke7 21. Ra2 f6 22. f4 Rg8 23. Rf1 Rga8 24. Rfa1 Rg8 25. Rf1 Rga8 26. Rfa1 Rg8 27. h4 fxe5 28. dxe5 d4 29. g3 Bd5 30. Bb5 Raa8 31. Rd2 Rgc8 32. Rxd4 Rc2+ 33. Rd2 Rc3 34. Rd3 Rc2+ 35. Rd2 Rc3 36. Rd3 Rc2+ 1/2-1/2